[Event "Top Loire 2015-2016"]
[Site "Loire"]
[Date "2015.10.10"]
[Round "1.1"]
[White "Andre, Gregory"]
[Black "Muller, Anthony"]
[Result "0-1"]
[WhiteElo "1778"]
[BlackElo "2234"]
[EventDate "2015.??.??"]
[PlyCount "74"]

1. Nf3 Nf6 2. c4 c6 3. g3 g6 4. b3 Bg7 5. Bb2 O-O 6. Bg2 d5 7. O-O Re8 8. 
Qc2 a5 9. d4 Bf5 10. Qc1 a4 11. Nc3 axb3 12. axb3 Rxa1 13. Qxa1 Qb6 14. 
Nd2 dxc4 15. Na4 Qc7 16. bxc4 Na6 17. e4 Bc8 18. e5 Ng4 19. h3 Nh6 20. Qa3
f6 21. f4 fxe5 22. fxe5 b5 23. cxb5 cxb5 24. Qb3+ Kh8 25. Qxb5 Bd7 26. 
Qxa6 Qc2 27. Nc4 Bxa4 28. Rc1 Qb3 29. Qb7 Bb5 30. Rc3 Qd1+ 31. Kh2 Bxc4 
32. Rxc4 Rf8 33. Rc8 Nf5 34. Rxf8+ Bxf8 35. Qb8 Kg8 36. e6 Qe2 37. d5 Ne3 
0-1

[Event "Top Loire 2015-2016"]
[Site "Loire"]
[Date "2015.10.10"]
[Round "1.2"]
[White "Tchalimian, Pascal"]
[Black "Philip, Sylvain"]
[Result "1-0"]
[WhiteElo "1918"]
[BlackElo "1762"]
[EventDate "2015.??.??"]
[PlyCount "85"]

1. b3 e5 2. Bb2 Nc6 3. e3 Nf6 4. Bb5 d6 5. Ne2 Bd7 6. O-O a6 7. Bxc6 Bxc6 
8. d4 e4 9. c4 g6 10. d5 Bd7 11. Ng3 Bg7 12. Nxe4 O-O 13. Nxf6+ Bxf6 14. 
Bxf6 Qxf6 15. Na3 h5 16. Nc2 h4 17. Qd4 Qg5 18. f4 Qh6 19. e4 h3 20. g3 f6
21. Nb4 Rae8 22. Nd3 Qh5 23. Rae1 Qg4 24. Re3 g5 25. f5 Qh5 26. Nc1 Re5 
27. Nd3 Re7 28. Nf2 g4 29. Nd3 Qg5 30. Nf4 Rfe8 31. Ne6 Bxe6 32. fxe6 Rf8 
33. Rf5 Qh6 34. Re1 c5 35. Qc3 b5 36. Ref1 Kg7 37. R1f4 Qg6 38. cxb5 axb5 
39. Qd3 c4 40. Qe2 c3 41. Rxg4 Rc8 42. Rxg6+ Kxg6 43. Qg4+ 1-0

[Event "Top Loire 2015-2016"]
[Site "Loire"]
[Date "2015.10.10"]
[Round "1.3"]
[White "Bourrat, Nicolas"]
[Black "Furnon, Yannick"]
[Result "0-1"]
[WhiteElo "1720"]
[BlackElo "1870"]
[EventDate "2015.??.??"]
[PlyCount "86"]

1. d4 d5 2. c4 c6 3. Nc3 Nf6 4. Nf3 dxc4 5. a4 Bf5 6. Nh4 Bg4 7. h3 Bh5 8.
 g4 Bg6 9. Nxg6 hxg6 10. e4 e6 11. Bg5 Qa5 12. Bxf6 gxf6 13. Bxc4 Bb4 14. 
Qf3 Nd7 15. O-O Qg5 16. Qg3 Qh4 17. Qxh4 Rxh4 18. Kg2 Nb6 19. Bb3 a5 20. 
Ne2 Rd8 21. Rad1 Rh8 22. f4 Kf8 23. Rf3 Kg7 24. Rfd3 Rd7 25. Ng3 Rhd8 26. 
Bc2 Nc4 27. Rb3 Rxd4 28. Rxd4 Rxd4 29. Nf1 e5 30. fxe5 fxe5 31. Kf3 g5 32.
 Ke2 Kf6 33. Bd3 Nb6 34. Ne3 Nxa4 35. Nc2 Rd6 36. Nxb4 axb4 37. Rxb4 b5 
38. Bc2 Nc5 39. Bb1 Ne6 40. Ke1 Nd4 41. Bd3 c5 42. Rxd4 Rxd4 43. Bxb5 
Rxe4+ 0-1

[Event "Top Loire 2015-2016"]
[Site "Loire"]
[Date "2015.10.10"]
[Round "1.4"]
[White "Garon, Pierre"]
[Black "Doran, Niall"]
[Result "1-0"]
[WhiteElo "1868"]
[BlackElo "1716"]
[EventDate "2015.??.??"]
[PlyCount "89"]

1. d4 d5 2. Nf3 Nf6 3. e3 e6 4. Bd3 c5 5. b3 cxd4 6. exd4 Be7 7. Bb2 O-O 
8. Nbd2 b6 9. Qe2 Nc6 10. a3 Bb7 11. O-O Qc7 12. Ne5 Bd6 13. f4 Rae8 14. 
Rf3 Qe7 15. Rh3 g6 16. b4 Nd7 17. Rf3 f6 18. Ng4 Qg7 19. c4 h5 20. Ne3 Ne7
21. c5 Bc7 22. Bb5 Bc6 23. Bxc6 Nxc6 24. b5 Nxd4 25. Bxd4 bxc5 26. Bb2 Qh6
27. g3 h4 28. Nb3 Re7 29. Nxd5 exd5 30. Qxe7 Rf7 31. Qe6 hxg3 32. hxg3 Qh5
33. Kg2 c4 34. Rh1 Qf5 35. Qxf5 gxf5 36. Nd4 Nc5 37. Nxf5 Rf8 38. Bd4 Bb6 
39. Ne7+ Kg7 40. Nxd5 Ne6 41. Bxb6 axb6 42. Nxb6 Nd4 43. Nxc4 Rc8 44. Rc1 
Nxb5 45. Rd3 1-0

[Event "Top Loire 2015-2016"]
[Site "Loire"]
[Date "2015.10.10"]
[Round "1.5"]
[White "Aumont-Mathieu, Georges"]
[Black "Frey, Thierry"]
[Result "0-1"]
[WhiteElo "1712"]
[BlackElo "1862"]
[EventDate "2015.??.??"]
[PlyCount "56"]

1. e4 c5 2. c3 e6 3. d4 d5 4. Bd3 cxd4 5. cxd4 a6 6. Ne2 Nc6 7. Nbc3 Nge7 
8. a3 b5 9. b4 Qb6 10. Be3 Ng6 11. exd5 exd5 12. Nxd5 Qd8 13. Ndc3 Bd6 14.
 Be4 Bb7 15. f4 Qe7 16. Qd3 O-O 17. d5 Nce5 18. fxe5 Nxe5 19. Qd4 f5 20. 
Bc2 Ng4 21. Bf4 Bxf4 22. Qxf4 Ne3 23. Kd2 Nxg2 24. Qd4 Qg5+ 25. Kd1 Ne3+ 
26. Kc1 Nxd5+ 27. Kb2 Nxc3 28. Rhg1 Nxe2 0-1

[Event "Top Loire 2015-2016"]
[Site "Loire"]
[Date "2015.10.10"]
[Round "1.6"]
[White "Deville, Olivier"]
[Black "Bragado, Kevin"]
[Result "1-0"]
[WhiteElo "1859"]
[BlackElo "1710"]
[EventDate "2015.??.??"]
[PlyCount "85"]

1. c4 d6 2. d4 Nf6 3. Nc3 g6 4. e4 Bg7 5. Be2 O-O 6. Nf3 c5 7. O-O cxd4 8.
 Nxd4 Nc6 9. Be3 Bd7 10. Rc1 b6 11. f3 Nxd4 12. Bxd4 Bc6 13. Nd5 e6 14. 
Nc3 d5 15. e5 Nd7 16. cxd5 exd5 17. f4 Nc5 18. Be3 Qd7 19. Bf3 Rad8 20. 
Ne2 Ne6 21. Nd4 Nxd4 22. Qxd4 f6 23. exf6 Rxf6 24. Rfd1 Rd6 25. Qb4 d4 26.
 Qc4+ Bd5 27. Bxd5+ Rxd5 28. Bxd4 Bxd4+ 29. Rxd4 Kf8 30. Rxd5 Qxd5 31. 
Qxd5 Rxd5 32. Rc8+ Ke7 33. Rc7+ Rd7 34. Rxd7+ Kxd7 35. Kf2 Ke6 36. g4 Kd5 
37. Ke3 b5 38. Kd3 a5 39. Ke3 b4 40. Kd3 h5 41. h3 hxg4 42. hxg4 a4 43. f5
1-0

[Event "Top Loire 2015-2016"]
[Site "Loire"]
[Date "2015.10.10"]
[Round "1.7"]
[White "Imperiali, Joris"]
[Black "Samuel, Christian"]
[Result "1-0"]
[WhiteElo "1605"]
[BlackElo "1849"]
[EventDate "2015.??.??"]
[PlyCount "85"]

1. e4 c5 2. Nf3 d6 3. d4 cxd4 4. Nxd4 Nf6 5. Nc3 a6 6. Bg5 e6 7. f4 Bd7 8.
 Nb3 Nc6 9. Qf3 Be7 10. O-O-O Qc7 11. Be2 Rc8 12. Rd2 b5 13. Rhd1 Nb8 14. 
e5 dxe5 15. fxe5 b4 16. exf6 bxc3 17. bxc3 Ba3+ 18. Kb1 g6 19. Bf4 e5 20. 
Qe3 Be6 21. Bxe5 Qb7 22. Bxb8 Rxb8 23. Bf3 Qc7 24. Bg4 Bc5 25. Qe4 O-O 26.
 Bxe6 Rfe8 27. Qc4 Rxe6 28. Rd7 Qe5 29. Rd8+ Bf8 30. R1d5 Qe1+ 31. Kb2 
Rxd8 32. Rxd8 Re8 33. Rxe8 Qxe8 34. Qxa6 Qe6 35. Qxe6 fxe6 36. a4 Kf7 37. 
a5 Bd6 38. a6 Bb8 39. Nd4 Ba7 40. Nc6 Bb6 41. Kb3 Kxf6 42. Kc4 Kf5 43. Kb5
1-0

[Event "Top Loire 2015-2016"]
[Site "Loire"]
[Date "2015.10.10"]
[Round "1.8"]
[White "Carrot, Patrick"]
[Black "Carteron, Olivier"]
[Result "1-0"]
[WhiteElo "1803"]
[BlackElo "1554"]
[EventDate "2015.??.??"]
[PlyCount "23"]

1. e4 e6 2. Qe2 Be7 3. g3 d5 4. exd5 exd5 5. Bg2 c6 6. Nf3 Bg4 7. O-O h6 
8. Re1 Nf6 9. b3 Qd6 10. Ba3 c5 11. Qb5+ Nfd7 12. Ne5 1-0

[Event "Top Loire 2015-2016"]
[Site "Loire"]
[Date "2015.10.10"]
[Round "1.9"]
[White "Allabrune, Guillaume"]
[Black "Cursoux, Gerard"]
[Result "1-0"]
[WhiteElo "1526"]
[BlackElo "1781"]
[EventDate "2015.??.??"]
[PlyCount "73"]

1. e4 c5 2. Nf3 Nc6 3. d4 cxd4 4. Nxd4 g6 5. Nc3 Bg7 6. Be3 Nf6 7. Nxc6 
bxc6 8. e5 Nd5 9. Nxd5 cxd5 10. Qxd5 Rb8 11. Bc4 O-O 12. O-O-O Qc7 13. f4 
d6 14. b3 dxe5 15. fxe5 Be6 16. Qc5 Qxc5 17. Bxc5 Bxc4 18. bxc4 Bxe5 19. 
g3 Bf6 20. Rhe1 Rb7 21. Bd4 Bxd4 22. Rxd4 e6 23. Kd2 Rb2 24. Ra1 Rfb8 25. 
Kc3 Kf8 26. Rd7 R2b7 27. Rad1 Ke8 28. Rxb7 Rxb7 29. c5 Ke7 30. a4 e5 31. 
Kc4 Rd7 32. Rb1 f5 33. c6 Rc7 34. Kd5 e4 35. Rb7 Kd8 36. Kd6 Rc8 37. c7+ 
1-0

[Event "Top Loire 2015-2016"]
[Site "Loire"]
[Date "2015.11.21"]
[Round "2.1"]
[White "Muller, Anthony"]
[Black "Deville, Olivier"]
[Result "1/2-1/2"]
[WhiteElo "2234"]
[BlackElo "1859"]
[EventDate "2015.??.??"]
[PlyCount "105"]

1. d4 Nf6 2. c4 e6 3. g3 c5 4. Nf3 cxd4 5. Nxd4 Qc7 6. b3 Bb4+ 7. Bd2 Bc5 
8. e3 Nc6 9. Nb5 Qb8 10. Bg2 a6 11. N5c3 b5 12. O-O bxc4 13. bxc4 Qb2 14. 
Bxc6 dxc6 15. Bc1 Qb7 16. Na4 Be7 17. Ba3 O-O 18. Qb3 Qc7 19. Bxe7 Qxe7 
20. Qa3 Qc7 21. Nc5 e5 22. f3 Rd8 23. Nc3 Rd2 24. Rad1 Qd6 25. Qc1 Rxd1 
26. Rxd1 Qe7 27. N3e4 Bf5 28. Nxf6+ Qxf6 29. Qd2 Bh3 30. Qd6 Qxd6 31. Rxd6
Rb8 32. Nb3 h5 33. Kf2 a5 34. Rd2 a4 35. Na5 c5 36. Nc6 Rb1 37. Nxe5 Rh1 
38. e4 Rxh2+ 39. Ke3 Rxd2 40. Kxd2 f6 41. Nd3 Bf1 42. Nxc5 Bxc4 43. a3 Bb5
44. f4 g5 45. fxg5 fxg5 46. Ne6 h4 47. Nxg5 hxg3 48. Ke3 Kg7 49. e5 Kg6 
50. Ne4 g2 51. Kf2 Bc6 52. Nd6 Kg7 53. Kg1 1/2-1/2

[Event "Top Loire 2015-2016"]
[Site "Loire"]
[Date "2015.11.21"]
[Round "2.2"]
[White "Frey, Thierry"]
[Black "Tchalimian, Pascal"]
[Result "0-1"]
[WhiteElo "1856"]
[BlackElo "1918"]
[EventDate "2015.??.??"]
[PlyCount "92"]

1. e4 c5 2. Nf3 d6 3. d4 cxd4 4. Qxd4 Bd7 5. Bc4 Nf6 6. Nc3 Nc6 7. Qd3 g6 
8. Be3 Bg7 9. Qd2 Ng4 10. Ng5 O-O 11. h3 Nxe3 12. Qxe3 Qa5 13. O-O Bxc3 
14. bxc3 Rac8 15. f4 Nd8 16. Bd3 Rxc3 17. Qe1 Ne6 18. Nf3 Nxf4 19. Qd2 
Qc5+ 20. Kh1 Nxd3 21. cxd3 Bb5 22. d4 Qa3 23. Qh6 Bxf1 24. Rxf1 Rxf3 25. 
Rxf3 Qxa2 26. Qe3 b5 27. e5 b4 28. exd6 exd6 29. Rf2 Qe6 30. Qd3 a5 31. d5
Qe5 32. Qb5 Qd4 33. Rf3 Qc5 34. Qd3 a4 35. Qa6 a3 36. Qa4 Qc4 37. Kh2 a2 
38. Rf2 Qxd5 39. Rxa2 b3 40. Re2 Ra8 41. Qb4 h5 42. Qc3 Kh7 43. Rb2 Ra2 
44. Qxb3 Qe5+ 45. Kg1 Rxb2 46. Qxf7+ Qg7 0-1

[Event "Top Loire 2015-2016"]
[Site "Loire"]
[Date "2015.11.21"]
[Round "2.3"]
[White "Furnon, Yannick"]
[Black "Carrot, Patrick"]
[Result "1/2-1/2"]
[WhiteElo "1870"]
[BlackElo "1803"]
[EventDate "2015.??.??"]
[PlyCount "82"]

1. d4 Nf6 2. c4 e6 3. Nf3 b6 4. a3 Be7 5. Nc3 d5 6. cxd5 Nxd5 7. e4 Nf6 8.
 Bd3 c5 9. dxc5 Bxc5 10. O-O O-O 11. Bf4 Bb7 12. Qe2 Nbd7 13. Rfd1 a6 14. 
Rac1 b5 15. Bb1 Qb6 16. b4 Be7 17. Be3 Qd8 18. Ne5 Rc8 19. f3 Qe8 20. Nd3 
Bd8 21. Qf2 Bc7 22. Na2 Bd8 23. Rxc8 Bxc8 24. Nac1 Kh8 25. Nb3 Qe7 26. Qc2
Bb6 27. Ndc5 Ne5 28. Kf1 Nc4 29. Bc1 e5 30. Qe2 a5 31. Nd3 Rd8 32. Nbc5 
Nd7 33. Ba2 h6 34. Bxc4 bxc4 35. Nf2 Nxc5 36. Rxd8+ Qxd8 37. bxc5 Bxc5 38.
 Qxc4 Qd6 39. Qc3 Ba6+ 40. Ke1 Qd4 41. Qxd4 Bxd4 1/2-1/2

[Event "Top Loire 2015-2016"]
[Site "Loire"]
[Date "2015.11.21"]
[Round "2.4"]
[White "Imperiali, Joris"]
[Black "Garon, Pierre"]
[Result "1-0"]
[WhiteElo "1595"]
[BlackElo "1868"]
[EventDate "2015.??.??"]
[PlyCount "61"]

1. e4 Nf6 2. e5 Nd5 3. d4 d6 4. c4 Nb6 5. Nf3 Bg4 6. exd6 cxd6 7. Nc3 Nc6 
8. Be3 g6 9. h3 Bxf3 10. Qxf3 Bg7 11. O-O-O Qd7 12. c5 Nc8 13. Bb5 d5 14. 
Nxd5 O-O 15. Nb4 Qc7 16. Nxc6 bxc6 17. Qxc6 Qa5 18. Qxa8 Qxb5 19. Qe4 e6 
20. h4 Ne7 21. h5 Rb8 22. Rd2 Nd5 23. hxg6 hxg6 24. Qd3 Qa4 25. a3 Rb3 26.
 Qc2 Qb5 27. c6 Qb8 28. Bf4 Qxf4 29. Qxb3 Bxd4 30. g3 Qe4 31. Qb8+ 1-0

[Event "Top Loire 2015-2016"]
[Site "Loire"]
[Date "2015.11.21"]
[Round "2.5"]
[White "Samuel, Christian"]
[Black "Allabrune, Guillaume"]
[Result "0-1"]
[WhiteElo "1852"]
[BlackElo "1526"]
[EventDate "2015.??.??"]
[PlyCount "128"]

1. d4 d5 2. Nf3 Nf6 3. c4 c6 4. Nc3 dxc4 5. a4 Bf5 6. e3 e6 7. Bxc4 Bb4 8.
 O-O Nbd7 9. Bd2 a5 10. Re1 Bg6 11. Qe2 O-O 12. Bd3 Bxd3 13. Qxd3 Nc5 14. 
Qc2 Bxc3 15. dxc5 Bxd2 16. Nxd2 Qd5 17. Rad1 Rfb8 18. Nb3 Qe4 19. Qxe4 
Nxe4 20. f3 Nf6 21. Rd2 Kf8 22. Red1 Ke8 23. e4 Rc8 24. Kf2 Rc7 25. h4 Rd7
26. g4 Kd8 27. g5 Rxd2+ 28. Rxd2+ Nd7 29. h5 Kc7 30. f4 b6 31. cxb6+ Nxb6 
32. Nc5 Rd8 33. Rxd8 Kxd8 34. b3 Kc7 35. Ke3 Nd7 36. Kd4 h6 37. g6 Nxc5 
38. Kxc5 fxg6 39. hxg6 Kd7 40. Kd4 Kd6 41. e5+ Kd7 42. Ke4 c5 43. Kf3 Kc6 
44. Ke4 h5 45. f5 exf5+ 46. Kxf5 Kd7 47. Kg5 Ke6 48. Kxh5 Kxe5 49. Kg5 Ke6
50. Kf4 Kf6 51. Ke4 Kxg6 52. Kd5 Kf5 53. Kxc5 g5 54. Kb5 g4 55. Kxa5 g3 
56. b4 g2 57. b5 g1=Q 58. b6 Qc5+ 59. Ka6 Ke6 60. a5 Kd6 61. b7 Qc4+ 62. 
Ka7 Qd4+ 63. Ka8 Qd5 64. a6 Kc7 0-1

[Event "Top Loire 2015-2016"]
[Site "Loire"]
[Date "2015.11.21"]
[Round "2.6"]
[White "Cursoux, Gerard"]
[Black "Doran, Niall"]
[Result "1-0"]
[WhiteElo "1781"]
[BlackElo "1691"]
[EventDate "2015.??.??"]
[PlyCount "71"]

1. e4 c5 2. d4 cxd4 3. c3 d3 4. Bxd3 g6 5. c4 Bg7 6. Nc3 Nc6 7. Nf3 d6 8. 
h3 Nf6 9. Be3 O-O 10. O-O Bd7 11. Qd2 Rc8 12. Bh6 Qa5 13. Bxg7 Kxg7 14. 
Be2 Ne5 15. Nxe5 Qxe5 16. Qe3 a6 17. b4 Qe6 18. Qd4 Kg8 19. f4 Bc6 20. Bf3
Rfd8 21. a4 Be8 22. Nd5 Nxd5 23. cxd5 Qd7 24. f5 Rc7 25. Bg4 h5 26. Be2 
Rdc8 27. fxg6 fxg6 28. Qf2 e5 29. dxe6 Qxe6 30. Bf3 Rc2 31. Qb6 R8c7 32. 
Rad1 R2c6 33. Qe3 Rc3 34. Qh6 Bxa4 35. Bxh5 Bxd1 36. Rf8# 1-0

[Event "Top Loire 2015-2016"]
[Site "Loire"]
[Date "2015.11.21"]
[Round "2.7"]
[White "Bragado, Kevin"]
[Black "Andre, Gregory"]
[Result "0-1"]
[WhiteElo "1710"]
[BlackElo "1778"]
[EventDate "2015.??.??"]
[PlyCount "52"]

1. b3 Nf6 2. Bb2 d5 3. e3 g6 4. f4 Bg7 5. Nf3 O-O 6. Be2 c5 7. Na3 Qa5 8. 
c4 d4 9. exd4 cxd4 10. Nc2 Nc6 11. Ncxd4 Nxd4 12. Bxd4 Rd8 13. Bc3 Qb6 14.
 Qc2 Ng4 15. Rf1 Bf5 16. Qb2 Bxc3 17. Qxc3 Nf6 18. Qe3 Qxe3 19. dxe3 Ng4 
20. Nd4 Nxe3 21. Nxf5 gxf5 22. Kf2 Nxf1 23. Kxf1 Rd2 24. Ke1 Rad8 25. Bf3 
b6 26. Bd5 Rb2 0-1

[Event "Top Loire 2015-2016"]
[Site "Loire"]
[Date "2015.11.19"]
[Round "2.8"]
[White "Philip, Sylvain"]
[Black "Aumont-Mathieu, Georges"]
[Result "0-1"]
[WhiteElo "1762"]
[BlackElo "1712"]
[EventDate "2015.??.??"]
[PlyCount "56"]

1. e4 e5 2. Nf3 Nc6 3. Bb5 Nf6 4. d4 exd4 5. e5 Ne4 6. O-O Be7 7. Re1 d5 
8. Nxd4 Bd7 9. Nxc6 bxc6 10. Bd3 f5 11. exf6 Nxf6 12. Qe2 Kf7 13. Bg5 Re8 
14. Bxf6 Bxf6 15. Qh5+ Kf8 16. Nc3 h6 17. Qg6 Be6 18. Qh7 Rb8 19. Na4 Qd6 
20. Bg6 Bg8 21. Qh8 Rxe1+ 22. Rxe1 Qb4 23. Nc3 Bxc3 24. bxc3 Qxc3 25. Kf1 
Qf6 26. Re8+ Rxe8 27. Bxe8 Qa1+ 28. Ke2 Qe5+ 0-1

[Event "Top Loire 2015-2016"]
[Site "Loire"]
[Date "2015.11.15"]
[Round "2.9"]
[White "Carteron, Olivier"]
[Black "Bourrat, Nicolas"]
[Result "0-1"]
[WhiteElo "1554"]
[BlackElo "1720"]
[EventDate "2015.??.??"]
[PlyCount "42"]

1. e4 e6 2. d4 d5 3. e5 c5 4. c3 Nc6 5. Be3 Qb6 6. Qd2 cxd4 7. cxd4 f6 8. 
Nf3 Bd7 9. Nc3 a6 10. a3 Na5 11. Rd1 Rc8 12. b4 Nc4 13. Bxc4 Rxc4 14. O-O 
Ne7 15. Rfe1 Nf5 16. g4 Nxe3 17. Rxe3 Kd8 18. Rde1 fxe5 19. Rxe5 Rc8 20. 
R5e3 Bd6 21. Rc1 Bf4 0-1

[Event "Top Loire 2015-2016"]
[Site "Loire"]
[Date "2015.12.12"]
[Round "3.2"]
[White "Tchalimian, Pascal"]
[Black "Muller, Anthony"]
[Result "0-1"]
[WhiteElo "1918"]
[BlackElo "2234"]
[EventDate "2015.??.??"]
[PlyCount "24"]

1. b3 d5 2. Bb2 Nf6 3. e3 Bf5 4. Nf3 e6 5. Ne5 Bd6 6. Be2 Nfd7 7. f4 Bxe5 
8. fxe5 Qg5 9. O-O Nc6 10. Rf3 Ncxe5 11. Rg3 Qf6 12. Kh1 h5 0-1

[Event "Top Loire 2015-2016"]
[Site "Loire"]
[Date "2015.12.12"]
[Round "3.3"]
[White "Deville, Olivier"]
[Black "Furnon, Yannick"]
[Result "1/2-1/2"]
[WhiteElo "1859"]
[BlackElo "1870"]
[EventDate "2015.??.??"]
[PlyCount "66"]

1. c4 c6 2. Nf3 Nf6 3. e3 d5 4. Nc3 e6 5. Qc2 Be7 6. b3 Nbd7 7. d4 O-O 8. 
Be2 dxc4 9. bxc4 b6 10. O-O Bb7 11. Rd1 Qb8 12. e4 e5 13. d5 Rc8 14. Bb2 
b5 15. cxb5 cxd5 16. exd5 Bxd5 17. Qf5 Be6 18. Qd3 Qb7 19. Ng5 Bc4 20. Qf3
Qxf3 21. Bxf3 Rab8 22. Nge4 Bxb5 23. Nd6 Bxd6 24. Rxd6 Bc4 25. Ba3 Be6 26.
 Nd5 Rc2 27. Ne7+ Kh8 28. Nc6 Rb6 29. Nxa7 Rxd6 30. Bxd6 Rxa2 31. Rxa2 
Bxa2 32. Bc6 Bd5 33. Bxd7 Nxd7 1/2-1/2

[Event "Top Loire 2015-2016"]
[Site "Loire"]
[Date "2015.12.12"]
[Round "3.4"]
[White "Carrot, Patrick"]
[Black "Garon, Pierre"]
[Result "0-1"]
[WhiteElo "1803"]
[BlackElo "1868"]
[EventDate "2015.??.??"]
[PlyCount "108"]

1. e4 Nf6 2. e5 Nd5 3. d4 d6 4. c4 Nb6 5. exd6 exd6 6. Nc3 Be7 7. Bd3 O-O 
8. Nge2 Nc6 9. O-O Bf6 10. Be3 g6 11. Rc1 Bg7 12. b3 Qh4 13. c5 dxc5 14. 
dxc5 Nd7 15. Nb5 Nde5 16. Bc4 Rd8 17. Qe1 Qe7 18. Nf4 Nxc4 19. Rxc4 a6 20.
 Nc3 Bf5 21. Qe2 Rd7 22. Ncd5 Qe5 23. g4 Be4 24. Nc3 f5 25. f3 Nd4 26. 
Bxd4 Rxd4 27. fxe4 Rxc4 28. Qxc4+ Kh8 29. Ncd5 fxe4 30. Ne3 Rf8 31. Ne6 
Rxf1+ 32. Kxf1 Qa1+ 33. Kg2 Qxa2+ 34. Qc2 Qa1 35. Qxe4 Be5 36. Qf3 Qb2+ 
37. Qf2 Qxf2+ 38. Kxf2 Bxh2 39. Nd8 b5 40. Kf3 a5 41. Ke4 a4 42. bxa4 bxa4
43. Nc2 Kg7 44. Kd5 Kf6 45. Ne6 h5 46. gxh5 gxh5 47. Ned4 Bg3 48. Kc4 Ke5 
49. Kb4 Bf2 50. Nf3+ Kf4 51. Nh2 h4 52. c6 Bg1 53. Nf1 Kf3 54. Kxa4 Ke2 
0-1

[Event "Top Loire 2015-2016"]
[Site "Loire"]
[Date "2015.12.12"]
[Round "3.6"]
[White "Bourrat, Nicolas"]
[Black "Cursoux, Gerard"]
[Result "0-1"]
[WhiteElo "1720"]
[BlackElo "1781"]
[EventDate "2015.??.??"]
[PlyCount "74"]

1. d4 Nf6 2. Nf3 c5 3. d5 g6 4. c4 b5 5. cxb5 a6 6. b6 Qxb6 7. Nc3 Bg7 8. 
e4 d6 9. Bd3 O-O 10. O-O Nbd7 11. Nd2 Ne5 12. Nc4 Nxc4 13. Bxc4 Ng4 14. 
Qc2 Rb8 15. h3 Ne5 16. Be2 a5 17. a4 c4 18. Nb5 Bd7 19. Be3 Qb7 20. f4 Nd3
21. Bxd3 cxd3 22. Qxd3 Bxb5 23. axb5 Qxb5 24. Qxb5 Rxb5 25. Ra4 Bxb2 26. 
Rb1 Rfb8 27. Kh2 Bc3 28. Rxb5 Rxb5 29. Rc4 Bb4 30. Bd4 f6 31. Kg3 Kf7 32. 
Kf3 a4 33. Ba1 a3 34. Ke2 Bc5 35. Kd3 Rb1 36. Bd4 Rd1+ 37. Kc2 Rxd4 0-1

[Event "Top Loire 2015-2016"]
[Site "Loire"]
[Date "2015.12.12"]
[Round "3.7"]
[White "Aumont-Mathieu, Georges"]
[Black "Bragado, Kevin"]
[Result "1/2-1/2"]
[WhiteElo "1712"]
[BlackElo "1710"]
[EventDate "2015.??.??"]
[PlyCount "89"]

1. e4 d5 2. exd5 Qxd5 3. Nc3 Qd8 4. d4 Nf6 5. Bd3 Bg4 6. f3 Bh5 7. Nge2 
Bg6 8. Be3 e6 9. Qd2 Bb4 10. a3 Be7 11. Ne4 Nbd7 12. Nf4 Bxe4 13. fxe4 Ng4
14. O-O Nxe3 15. Qxe3 e5 16. Ne2 exd4 17. Nxd4 Bc5 18. c3 Ne5 19. Be2 c6 
20. Rad1 Qc7 21. Qh3 O-O 22. Kh1 Bxd4 23. cxd4 Ng6 24. Bc4 c5 25. Bd5 cxd4
26. Rxd4 Nf4 27. Qb3 Nxd5 28. Rxd5 Rae8 29. Rb5 b6 30. Rb4 Re7 31. Rc4 Qb7
32. Qc2 Rfe8 33. Kg1 f6 34. Qb3 Kf8 35. Qg3 b5 36. Rc5 Rxe4 37. Qd6+ R4e7 
38. Kh1 Kg8 39. Qg3 a6 40. h3 Qb8 41. Qb3+ Kf8 42. Qc3 Re5 43. Rc7 Qd8 44.
 Qc6 R5e6 45. Qb7 1/2-1/2

[Event "Top Loire 2015-2016"]
[Site "Loire"]
[Date "2015.10.12"]
[Round "3.8"]
[White "Doran, Niall"]
[Black "Samuel, Christian"]
[Result "0-1"]
[WhiteElo "1691"]
[BlackElo "1852"]
[EventDate "2015.??.??"]
[PlyCount "116"]

1. e4 c5 2. Nf3 d6 3. c3 Nf6 4. Be2 g6 5. O-O Bg7 6. Re1 O-O 7. Bf1 Nc6 8.
 d3 Qb6 9. Nbd2 Bg4 10. h3 Bd7 11. Nc4 Qc7 12. Bg5 b5 13. Ne3 e6 14. Rc1 
Nh5 15. d4 h6 16. Bh4 c4 17. Nh2 Rae8 18. Qf3 f5 19. exf5 exf5 20. Nd5 Qb8
21. Ne7+ Nxe7 22. Rxe7 Rxe7 23. Bxe7 Rf7 24. Qd5 Bf8 25. Bxf8 Qxf8 26. Re1
Nf6 27. Qb7 Be8 28. Qf3 Ne4 29. Qe3 Bc6 30. b3 Kg7 31. bxc4 bxc4 32. Bxc4 
Rc7 33. d5 Bd7 34. Qd4+ Qf6 35. Qxf6+ Kxf6 36. Bb3 Rxc3 37. Nf3 a5 38. Rb1
a4 39. Bd1 Rd3 40. Be2 Rxd5 41. Rb4 Rc5 42. Rb7 Be6 43. Rb4 Nc3 44. Nd4 
Bxa2 45. Bb5 a3 46. Ba4 Bd5 47. Bb3 a2 48. Bxa2 Bxa2 49. Kh2 Rc4 50. Rxc4 
Bxc4 51. Kg3 g5 52. h4 Ne2+ 53. Nxe2 Bxe2 54. hxg5+ hxg5 55. f4 d5 56. 
fxg5+ Kxg5 57. Kf2 Bc4 58. Kf3 d4 0-1

[Event "Top Loire 2015-2016"]
[Site "Loire"]
[Date "2015.12.12"]
[Round "3.9"]
[White "Carteron, Olivier"]
[Black "Philip, Sylvain"]
[Result "0-1"]
[WhiteElo "1554"]
[BlackElo "1762"]
[EventDate "2015.??.??"]
[PlyCount "58"]

1. e4 c5 2. c3 Nf6 3. e5 Nd5 4. Bc4 e6 5. d4 d6 6. Nf3 Nc6 7. O-O Be7 8. 
Qe2 O-O 9. Bd3 f6 10. exf6 Bxf6 11. Qe4 g6 12. dxc5 dxc5 13. Rd1 Bd7 14. 
Bc4 Qe7 15. Bxd5 exd5 16. Qxd5+ Be6 17. Qe4 Rad8 18. Re1 Rfe8 19. Be3 Qf8 
20. Qc2 b6 21. Nbd2 Bf5 22. Qb3+ Kh8 23. Nf1 Rd7 24. Bg5 Bg7 25. Rxe8 Qxe8
26. Re1 Qg8 27. Qb5 Qc8 28. Qe2 h6 29. Be3 Bd3 0-1

[Event "Top Loire 2015-2016"]
[Site "Loire"]
[Date "2016.01.23"]
[Round "4.1"]
[White "Muller, Anthony"]
[Black "Imperiali, Joris"]
[Result "1-0"]
[WhiteElo "2235"]
[BlackElo "1675"]
[EventDate "2016.??.??"]
[PlyCount "77"]

1. d4 Nf6 2. c4 c5 3. d5 b5 4. cxb5 a6 5. b6 g6 6. Nc3 d6 7. e4 Nbd7 8. a4
Nxb6 9. a5 Nbd7 10. Nf3 Bg7 11. Be2 O-O 12. O-O Rb8 13. Nd2 Ne8 14. Nc4 
Nc7 15. Bg5 f6 16. Bh4 Nb5 17. Na4 Nd4 18. Nab6 Nxb6 19. Nxb6 Bb7 20. Bc4 
f5 21. f3 fxe4 22. fxe4 Rxf1+ 23. Bxf1 Nb5 24. Rb1 Bd4+ 25. Kh1 Na7 26. 
Qg4 Kg7 27. Bc4 Nc8 28. Nd7 Ra8 29. Rf1 Qe8 30. Rf8 Qxf8 31. Nxf8 Kxf8 32.
 Qd7 Ra7 33. Be2 Bxb2 34. Bg4 Kg7 35. Qe8 Bc3 36. Be6 Ra8 37. Qg8+ Kh6 38.
 Qf8+ Kh5 39. g4+ 1-0

[Event "Top Loire 2015-2016"]
[Site "Loire"]
[Date "2016.01.23"]
[Round "4.2"]
[White "Cursoux, Gerard"]
[Black "Tchalimian, Pascal"]
[Result "1/2-1/2"]
[WhiteElo "1765"]
[BlackElo "1913"]
[EventDate "2016.??.??"]
[PlyCount "52"]

1. e4 g6 2. d4 Bg7 3. Nf3 d6 4. h3 Nf6 5. Nc3 O-O 6. Be3 c6 7. Qd2 Qc7 8. 
Bh6 Rd8 9. Bxg7 Kxg7 10. O-O-O b5 11. Bd3 b4 12. Ne2 c5 13. c3 cxd4 14. 
Nfxd4 Na6 15. Kb1 bxc3 16. Nxc3 Nc5 17. Rhe1 Ne6 18. Bc2 Nxd4 19. Qxd4 e5 
20. Qe3 Be6 21. f4 d5 22. fxe5 Qxe5 23. exd5 Qxe3 24. Rxe3 Nxd5 25. Nxd5 
Rxd5 26. Rxd5 Bxd5 1/2-1/2

[Event "Top Loire 2015-2016"]
[Site "Loire"]
[Date "2016.01.23"]
[Round "4.3"]
[White "Furnon, Yannick"]
[Black "Frey, Thierry"]
[Result "0-1"]
[WhiteElo "1880"]
[BlackElo "1866"]
[EventDate "2016.??.??"]
[PlyCount "114"]

1. d4 Nf6 2. Nf3 c5 3. c3 d5 4. Bg5 Ne4 5. e3 Nxg5 6. Nxg5 cxd4 7. exd4 e5
8. Nf3 e4 9. Ne5 Qb6 10. b3 g6 11. Ng4 Bxg4 12. Qxg4 Nd7 13. Qg5 f5 14. h4
h5 15. Qe3 Bh6 16. Qe2 a6 17. g3 O-O 18. Bh3 Qf6 19. O-O b5 20. a4 b4 21. 
cxb4 Qxd4 22. Na3 Qxb4 23. Nc2 Qb6 24. a5 Qxb3 25. Rab1 Qc3 26. Rfd1 Qxa5 
27. Nb4 Nf6 28. Nc6 Qc7 29. Nd4 Qd6 30. Bxf5 gxf5 31. Nxf5 Qd7 32. Nxh6+ 
Kh7 33. Qe3 Qg7 34. Nf5 Ng4 35. Nxg7 Nxe3 36. fxe3 Kxg7 37. Rb3 Rf5 38. 
Kg2 Kf6 39. Rc1 Ke5 40. Rc5 Kd6 41. Ra5 Kc6 42. Rb4 Rf3 43. Rd4 Rxe3 44. 
Rdxd5 Rg8 45. Rg5 Rf8 46. Rxa6+ Kb7 47. Ra2 Rff3 48. Rf2 Rxf2+ 49. Kxf2 
Rf3+ 50. Kg2 Kc6 51. Rxh5 Kd6 52. Ra5 Rf8 53. h5 Ke6 54. g4 Rf4 55. g5 e3 
56. Kg3 e2 57. Ra1 Rf1 0-1